Daredevil Characters by Screen Time - Statistics

General Stats
  • This quiz has been taken 42 times
  • The average score is 18 of 34
Answer Stats
Screen Time Answer Season/s % Correct
720:30 Daredevil 1-3
100%
278:45 Foggy Nelson 1-3
100%
230:45 Kingpin 1-3
100%
422:15 Karen Page 1-3
96%
99:45 Punisher 2
96%
94:45 Ben Poindexter 3
92%
105 Elektra Natchios 2
88%
55 Vanessa Fisk 1,3
88%
60:30 Ben Urich 1
85%
46:15 James Wesley 1
73%
107 Ray Nadeem 3
69%
12:15 Seema Nadeem 3
69%
53 Stick 1-2
69%
32 Brett Mahoney 1-3
65%
18:45 Jack Murdock 1,3
54%
16 Madame Gao 1-2
50%
44:30 Sister Maggie 3
50%
20:45 Nobu Yoshioka 1-2
46%
33 Father Lantom 1-3
42%
35:15 Mitchell Ellison 1-3
42%
57:45 Claire Temple 1-2
38%
25 Leland Owlsley 1
35%
33:30 Blake Tower 2-3
31%
12 Turk Barrett 1-2
31%
23 Vladimir Ranskahov 1
31%
20:30 Marci Stahl 1-3
23%
14:15 Grotto 2
19%
16 Melvin Potter 1-3
19%
11:15 Anatoly Ranskahov 1
15%
11 Carl Hoffman 1
15%
10:15 John Healy 1
15%
19:30 Samantha Reyes 2
15%
13 Benjamin Donovan 2-3
12%
16:15 Tammy Hattley 3
12%
No matching quizzes found
Score Distribution
Percent of People with Each Score
Percentile by Number Answered
Your Score History
You have not taken this quiz